Двухстадийное освоение месторождений нефти; Нефтяное хозяйство; № 6

Dettagli Bibliografici
Parent link:Нефтяное хозяйство: научно-технический производственный журнал.— , 1925-1940, 1946-.— 0028-2448
№ 6.— 2004.— С. 78-80
Autore principale: Закиров С. Н.
Altri autori: Базив В. Ф.
Lingua:russo
Pubblicazione: 2004
Serie:Разработка и эксплуатация нефтяных месторождений
Soggetti:
Natura: Capitolo di libro
KOHA link:https://koha.lib.tpu.ru/cgi-bin/koha/opac-detail.pl?biblionumber=396803

MARC

LEADER 00000naa2a2200000 4500
001 396803
005 20231101064816.0
035 |a (RuTPU)RU\TPU\prd\35268 
090 |a 396803 
100 |a 20050425a2004 k y0rusy50 ca 
101 0 |a rus 
102 |a RU 
200 1 |a Двухстадийное освоение месторождений нефти  |f С. Н. Закиров, В. Ф. Базив 
225 1 |a Разработка и эксплуатация нефтяных месторождений 
320 |a Библиогр.: 7 назв. 
461 0 |0 (RuTPU)RU\TPU\prd\1638  |x 0028-2448  |t Нефтяное хозяйство  |o научно-технический производственный журнал  |d 1925-1940, 1946- 
463 0 |0 (RuTPU)RU\TPU\prd\26926  |t № 6  |v С. 78-80  |d 2004 
610 1 |a однопластовые месторождения 
610 1 |a многопластовые месторождения 
610 1 |a двухстадийное разбуривание 
610 1 |a доразведка 
610 1 |a техсхемы 
610 1 |a проекты разработки 
675 |a 622.276.1/.4  |v 3 
700 1 |a Закиров  |b С. Н. 
701 1 |a Базив  |b В. Ф. 
801 1 |a RU  |b 63413507  |c 20050425  |g PSBO 
801 2 |a RU  |b 63413507  |c 20131028  |g RCR 
942 |c BK